000
00288nam a2200109Ia 4500
001
1259629
005
20260417140315.0
008
260417s9999 xx 000 0 und d
020
_a
9786051853352
245
0
_a
Eskici ve Oğulları (Midi Boy)
_c
Orhan Kemal
260
_b
Everest Yayınları
999
_c
1259629
_d
1259629